[Event "HUN-chT2 Szechenyi 1415"]
[Site "Hungary"]
[Date "2014.12.14"]
[Round "6.10"]
[White "Gombos, Bettina"]
[Black "Horvath, Lajos"]
[Result "1/2-1/2"]
[WhiteElo "1959"]
[BlackElo "1800"]
[PlyCount "43"]
[EventDate "2014.09.07"]
[EventType "team-tourn"]
[EventRounds "11"]
[EventCountry "HUN"]
[SourceTitle "EXT 2016"]
[Source "ChessBase"]
[SourceDate "2015.10.08"]
[SourceVersion "1"]
[SourceVersionDate "2015.10.08"]
[SourceQuality "1"]
[WhiteTeam "HVSE Infraplan"]
[BlackTeam "Keszthely"]
[WhiteTeamCountry "HUN"]
[BlackTeamCountry "HUN"]

1. e4 e6 2. d4 d5 3. Nd2 c5 4. exd5 Qxd5 5. Ngf3 cxd4 6. Bc4 Qd8 7. Nb3 Nf6 8. Nbxd4 Be7 9. Qe2 a6 10. a4 Qd6 11. 0-0 0-0 12. Rd1 Qc7 13. Bg5 Nc6 14. Bh4 b6 15. Bg3 Qb7 16. Nxc6 Qxc6 17. Ne5 Qe4 18. Qxe4 Nxe4 19. Nc6 Bf6 20. Be5 Bb7 21. Bxf6 Nxf6 22. Ne5 1/2-1/2

[Event "Balatonalmadi Pannonia Cup 18th"]
[Site "Balatonalmadi"]
[Date "2013.07.27"]
[Round "5"]
[White "Horvath, Lajos"]
[Black "Csordas, David"]
[Result "0-1"]
[WhiteElo "1856"]
[BlackElo "1790"]
[PlyCount "46"]
[EventDate "2013.07.24"]
[EventType "swiss"]
[EventRounds "7"]
[EventCountry "HUN"]
[SourceTitle "EXT 2016"]
[Source "ChessBase"]
[SourceDate "2015.10.08"]
[SourceVersion "1"]
[SourceVersionDate "2015.10.08"]
[SourceQuality "1"]

1. e4 c5 2. Nf3 Nc6 3. d4 cxd4 4. Nxd4 Nf6 5. Bd3 Nxd4 6. e5 Qa5+ 7. c3 Qxe5+ 8. Be3 Nc6 9. h3 d5 10. 0-0 Qc7 11. Nd2 e5 12. Re1 Be7 13. Rc1 0-0 14. Bb1 Be6 15. Qc2 g6 16. Bh6 Rfd8 17. Nf3 e4 18. Ng5 Bf5 19. g4 Bxg4 20. Kg2 Bf5 21. Re3 Bc5 22. Rg3 Nh5 23. Qe2 Nf4+ 0-1

[Event "Balatonalmadi Pannonia Cup 18th"]
[Site "Balatonalmadi"]
[Date "2013.07.27"]
[Round "6"]
[White "Papp, Karoly"]
[Black "Horvath, Lajos"]
[Result "0-1"]
[WhiteElo "1809"]
[BlackElo "1856"]
[PlyCount "76"]
[EventDate "2013.07.24"]
[EventType "swiss"]
[EventRounds "7"]
[EventCountry "HUN"]
[SourceTitle "EXT 2016"]
[Source "ChessBase"]
[SourceDate "2015.10.08"]
[SourceVersion "1"]
[SourceVersionDate "2015.10.08"]
[SourceQuality "1"]

1. e4 d5 2. exd5 Qxd5 3. c4 Qa5 4. Nc3 c6 5. d4 e6 6. Bd3 Nf6 7. Nge2 Be7 8. 0-0 0-0 9. Ng3 Qd8 10. Be3 b6 11. Qc2 h6 12. Rad1 Bb7 13. h3 Qc7 14. Nce2 Nbd7 15. f4 c5 16. f5 cxd4 17. Bxd4 e5 18. Be3 Qc6 19. Nc3 Bc5 20. Bxc5 Nxc5 21. Rf2 e4 22. Bf1 Rad8 23. Rfd2 Qc7 24. Rxd8 Rxd8 25. Rxd8+ Qxd8 26. b4 Nd3 27. Nce2 Qd6 28. a3 h5 29. Qc3 h4 30. Nh1 Qd7 31. Nd4 Nf4 32. Nf2 N6h5 33. Qe3 Qd6 34. Ne2 Nxe2+ 35. Bxe2 Ng3 36. Bg4 Qe5 37. Qg5 f6 38. Qg6 e3 0-1

[Event "HUN-chT2 Szechenyi 1213"]
[Site "Hungary"]
[Date "2013.04.21"]
[Round "11.10"]
[White "Abert, Gyula"]
[Black "Horvath, Lajos"]
[Result "0-1"]
[WhiteElo "1702"]
[BlackElo "1804"]
[PlyCount "70"]
[EventDate "2012.09.16"]
[EventType "team-tourn"]
[EventRounds "11"]
[EventCountry "HUN"]
[SourceTitle "EXT 2014"]
[Source "ChessBase"]
[SourceDate "2013.11.20"]
[SourceVersion "1"]
[SourceVersionDate "2013.11.20"]
[SourceQuality "1"]
[WhiteTeam "Arboretum"]
[BlackTeam "Keszthely"]
[WhiteTeamCountry "HUN"]
[BlackTeamCountry "HUN"]

1. e4 e6 2. Nc3 d5 3. exd5 exd5 4. Qe2+ Be6 5. Qb5+ Nc6 6. d4 Nf6 7. Bg5 Be7 8. Nf3 h6 9. Bf4 0-0 10. Qxb7 Bd6 11. Be5 Bd7 12. Bxf6 Qxf6 13. Nxd5 Qe6+ 14. Ne3 Rfb8 15. Qa6 Nb4 16. Qe2 Re8 17. a3 Bb5 18. Qd2 Bxf1 19. Kxf1 Nd5 20. Re1 Nf6 21. c4 Ne4 22. Qc2 Qg6 23. Re2 Qh5 24. Qd1 c6 25. d5 c5 26. Kg1 f5 27. Qd3 Re7 28. h3 Rae8 29. g4 fxg4 30. hxg4 Nxf2 31. Rxf2 Rxe3 32. Rxh5 Rxd3 33. Rf5 Bg3 34. Rg2 Rd1+ 35. Ne1 Rdxe1+ 0-1

[Event "HUN-chT2 Szechenyi 1213"]
[Site "Hungary"]
[Date "2013.02.17"]
[Round "7.9"]
[White "Horvath, Lajos"]
[Black "Domonkos, Andras"]
[Result "1/2-1/2"]
[WhiteElo "1804"]
[BlackElo "1941"]
[PlyCount "29"]
[EventDate "2012.09.16"]
[EventType "team-tourn"]
[EventRounds "11"]
[EventCountry "HUN"]
[SourceTitle "EXT 2014"]
[Source "ChessBase"]
[SourceDate "2013.11.20"]
[SourceVersion "1"]
[SourceVersionDate "2013.11.20"]
[SourceQuality "1"]
[WhiteTeam "Keszthely"]
[BlackTeam "Veszprem"]
[WhiteTeamCountry "HUN"]
[BlackTeamCountry "HUN"]

1. c4 Nf6 2. Nc3 e6 3. e3 d5 4. d4 c5 5. cxd5 exd5 6. Nf3 Be6 7. Bb5+ Nbd7 8. Ne5 a6 9. Nxd7 Bxd7 10. Bxd7+ Qxd7 11. Qf3 cxd4 12. exd4 Bb4 13. 0-0 Bxc3 14. bxc3 0-0 15. h3 1/2-1/2

[Event "HUN-chT2 Szechenyi 1213"]
[Site "Hungary"]
[Date "2013.01.27"]
[Round "6.10"]
[White "Horvath, Lajos"]
[Black "Wegner, Bela"]
[Result "1-0"]
[WhiteElo "1804"]
[BlackElo "1886"]
[PlyCount "65"]
[EventDate "2012.09.16"]
[EventType "team-tourn"]
[EventRounds "11"]
[EventCountry "HUN"]
[SourceTitle "EXT 2014"]
[Source "ChessBase"]
[SourceDate "2013.11.20"]
[SourceVersion "1"]
[SourceVersionDate "2013.11.20"]
[SourceQuality "1"]
[WhiteTeam "Keszthely"]
[BlackTeam "Zala Volan"]
[WhiteTeamCountry "HUN"]
[BlackTeamCountry "HUN"]

1. c4 Nf6 2. Nc3 d5 3. e3 d4 4. exd4 Qxd4 5. Nf3 Bg4 6. Nxd4 Bxd1 7. Nxd1 e5 8. Nb5 Na6 9. d4 exd4 10. Nxd4 0-0-0 11. Nb5 Ne4 12. a3 Rxd1+ 13. Kxd1 Nxf2+ 14. Ke2 Nxh1 15. b4 c6 16. Nxa7+ Kb8 17. Be3 Bd6 18. g3 Re8 19. Kf3 Nxg3 20. hxg3 Bxg3 21. b5 cxb5 22. cxb5 Nc7 23. Bc4 Bd6 24. b6 Na6 25. Nb5 Be5 26. Rd1 f5 27. Rd5 Bh2 28. Rxf5 h6 29. Rf7 Rg8 30. Bd5 Rd8 31. Rxg7 Be5 32. Rxb7+ Kc8 33. Na7# 1-0

[Event "HUN-chT2 Szechenyi 1213"]
[Site "Hungary"]
[Date "2012.11.04"]
[Round "3.10"]
[White "Horvath, Lajos"]
[Black "Kaufmann, Peter"]
[Result "1-0"]
[WhiteElo "1804"]
[BlackElo "1775"]
[PlyCount "79"]
[EventDate "2012.09.16"]
[EventType "team-tourn"]
[EventRounds "11"]
[EventCountry "HUN"]
[SourceTitle "EXT 2014"]
[Source "ChessBase"]
[SourceDate "2013.11.20"]
[SourceVersion "1"]
[SourceVersionDate "2013.11.20"]
[SourceQuality "1"]
[WhiteTeam "Keszthely"]
[BlackTeam "Tapolca"]
[WhiteTeamCountry "HUN"]
[BlackTeamCountry "HUN"]

1. c4 c5 2. Nc3 Nc6 3. e3 Nf6 4. Nf3 g6 5. d4 cxd4 6. Nxd4 Bg7 7. Nxc6 bxc6 8. Be2 0-0 9. Rb1 Rb8 10. 0-0 Qc7 11. Qc2 d6 12. b3 Be6 13. Bb2 a5 14. Bf3 Rfc8 15. Ne2 Bd7 16. Ng3 h5 17. Rfd1 h4 18. Ne4 Nxe4 19. Bxe4 f5 20. Bxg7 Kxg7 21. Bf3 Rd8 22. Qd2 Bc8 23. Qd4+ e5 24. Qxh4 Rh8 25. Qg3 Be6 26. h3 Kf6 27. Be2 g5 28. f4 gxf4 29. exf4 Rbg8 30. fxe5+ dxe5 31. Qc3 Qg7 32. Qf3 f4 33. Rd6 Qh6 34. Kf1 Rd8 35. Rbd1 Rxd6 36. Rxd6 Ke7 37. Qxc6 Rc8 38. Rxe6+ Qxe6 39. Qxe6+ Kxe6 40. Bg4+ 1-0

[Event "HUN-chT2 Szechenyi 1213"]
[Site "Hungary"]
[Date "2012.10.07"]
[Round "2.10"]
[White "Vincze, Otto"]
[Black "Horvath, Lajos"]
[Result "1/2-1/2"]
[WhiteElo "1877"]
[BlackElo "1804"]
[PlyCount "73"]
[EventDate "2012.09.16"]
[EventType "team-tourn"]
[EventRounds "11"]
[EventCountry "HUN"]
[SourceTitle "EXT 2014"]
[Source "ChessBase"]
[SourceDate "2013.11.20"]
[SourceVersion "1"]
[SourceVersionDate "2013.11.20"]
[SourceQuality "1"]
[WhiteTeam "Ajka Banyasz"]
[BlackTeam "Keszthely"]
[WhiteTeamCountry "HUN"]
[BlackTeamCountry "HUN"]

1. e4 e6 2. d4 d5 3. e5 c5 4. c3 Nc6 5. Nf3 b6 6. Be2 Nge7 7. 0-0 Ng6 8. Be3 cxd4 9. cxd4 Be7 10. Nc3 0-0 11. Rc1 Bd7 12. Bd3 Nb4 13. Bb1 Rc8 14. a3 Nc6 15. Ba2 b5 16. Ne2 b4 17. a4 Qb6 18. b3 Rc7 19. Qd2 Rfc8 20. Bb1 Na5 21. Qd3 h6 22. Bd2 Rxc1 23. Nxc1 Nc6 24. Ne2 Bd8 25. g3 Nce7 26. Kg2 Nf5 27. h4 a5 28. h5 Nf8 29. g4 Nh4+ 30. Nxh4 Bxh4 31. Qh3 Qd8 32. Rh1 Be7 33. f4 f6 34. Qd3 Rc7 35. Qf3 Nh7 36. Qe3 Nf8 37. Qg3 1/2-1/2

[Event "HUN-chT2 Szechenyi 0910"]
[Site "Hungary"]
[Date "2010.04.11"]
[Round "9.9"]
[White "Horvath, Lajos"]
[Black "Palla, Gyorgy"]
[Result "0-1"]
[WhiteElo "1920"]
[BlackElo "2119"]
[PlyCount "122"]
[EventDate "2009.11.08"]
[EventType "team-tourn"]
[EventRounds "11"]
[EventCountry "HUN"]
[SourceTitle "EXT 2011"]
[Source "ChessBase"]
[SourceDate "2010.11.26"]
[SourceVersion "1"]
[SourceVersionDate "2010.11.26"]
[SourceQuality "1"]
[WhiteTeam "Keszthely"]
[BlackTeam "BSC"]
[WhiteTeamCountry "HUN"]
[BlackTeamCountry "HUN"]

1. c4 Nf6 2. Nc3 g6 3. d4 Bg7 4. Nf3 0-0 5. e4 d6 6. Be2 c5 7. Be3 Ng4 8. Qd2 Nxe3 9. Qxe3 cxd4 10. Nxd4 Nc6 11. Nxc6 bxc6 12. 0-0 Qb6 13. Qd2 Rb8 14. b3 Qd4 15. Qxd4 Bxd4 16. Rac1 e5 17. Bf3 a5 18. Rfd1 Bd7 19. Ne2 Bc5 20. g4 f5 21. exf5 gxf5 22. g5 Rbe8 23. Kg2 Re7 24. Ng3 e4 25. Bh5 f4 26. Nf1 Re5 27. h4 h6 28. Nh2 hxg5 29. Bg4 Bf5 30. Bxf5 Rfxf5 31. Ng4 Re6 32. Re1 gxh4 33. Rxe4 Rxe4 34. Nh6+ Kf8 35. Nxf5 Re2 36. Rd1 Rxf2+ 37. Kh3 Rxa2 38. Nxd6 Ra3 39. Kxh4 Rxb3 40. Ne4 Be7+ 41. Kg4 a4 42. Rf1 a3 43. Rxf4+ Ke8 44. Rf1 Rb4 45. Nd2 Rb2 46. Ne4 Rb4 47. Nd2 a2 48. Ra1 Rb2 49. Ne4 Bb4 50. Kf5 Kd7 51. c5 Rh2 52. Rd1+ Kc7 53. Ke6 Re2 54. Kf5 Rxe4 55. Kxe4 Bc3 56. Kd3 a1Q 57. Rxa1 Bxa1 58. Kc4 Kb7 59. Kb4 Ka6 60. Ka4 Bd4 61. Kb4 Bf2 0-1

[Event "HUN-chT2 Szechenyi 0910"]
[Site "Hungary"]
[Date "2010.01.17"]
[Round "4.9"]
[White "Gabor, Attila"]
[Black "Horvath, Lajos"]
[Result "0-1"]
[WhiteElo "1909"]
[BlackElo "1920"]
[PlyCount "128"]
[EventDate "2009.11.08"]
[EventType "team-tourn"]
[EventRounds "11"]
[EventCountry "HUN"]
[SourceTitle "EXT 2011"]
[Source "ChessBase"]
[SourceDate "2010.11.26"]
[SourceVersion "1"]
[SourceVersionDate "2010.11.26"]
[SourceQuality "1"]
[WhiteTeam "Arboretum"]
[BlackTeam "Keszthely"]
[WhiteTeamCountry "HUN"]
[BlackTeamCountry "HUN"]

1. e4 e6 2. d4 d5 3. Nd2 Ne7 4. Bd3 Ng6 5. Ngf3 Nf4 6. 0-0 Nxd3 7. cxd3 Be7 8. Re1 0-0 9. exd5 exd5 10. Ne5 Be6 11. f4 f6 12. Ng6 hxg6 13. Rxe6 Kf7 14. Qe2 Qd7 15. Re3 Nc6 16. Nf3 Rae8 17. Bd2 Bd6 18. Rxe8 Rxe8 19. Qf1 Qf5 20. a3 Rh8 21. h3 Re8 22. g4 Qd7 23. Re1 Rxe1 24. Qxe1 Ne7 25. Qe2 Qb5 26. Bc1 Qb3 27. Kg2 b5 28. h4 b4 29. axb4 Qxb4 30. Qc2 Qb5 31. Bd2 Qc6 32. Qd1 Ng8 33. Qe1 Qd7 34. Kh3 Nh6 35. Nh2 g5 36. hxg5 fxg5 37. f5 Bxh2 38. Kxh2 Qd6+ 39. Kh3 Kf6 40. Qe3 Nf7 41. b4 c6 42. Be1 Qe7 43. Qd2 Nd6 44. Bg3 Nf7 45. Qc2 Nd8 46. Be5+ Kf7 47. Qa2 Qb7 48. Kg3 a6 49. Qh2 Qxb4 50. Qh5+ Kg8 51. Qe8+ Qf8 52. Qd7 Nf7 53. Qxc6 Qa3 54. Qc8+ Kh7 55. Qc2 a5 56. Qe2 a4 57. f6 gxf6 58. Bxf6 Qc3 59. Be7 a3 60. Qf2 Nh6 61. Bxg5 a2 62. Bxh6 Qxd3+ 63. Qe3 Qxe3+ 64. Bxe3 a1Q 0-1

[Event "HUN-chT2 Szechenyi 0910"]
[Site "Hungary"]
[Date "2009.05.02"]
[Round "11.10"]
[White "Pal, Balint"]
[Black "Horvath, Lajos"]
[Result "1-0"]
[WhiteElo "1765"]
[BlackElo "1920"]
[PlyCount "89"]
[EventDate "2009.11.08"]
[EventType "team-tourn"]
[EventRounds "11"]
[EventCountry "HUN"]
[SourceTitle "EXT 2011"]
[Source "ChessBase"]
[SourceDate "2010.11.26"]
[SourceVersion "1"]
[SourceVersionDate "2010.11.26"]
[SourceQuality "1"]
[WhiteTeam "Kertvaros"]
[BlackTeam "Keszthely"]
[WhiteTeamCountry "HUN"]
[BlackTeamCountry "HUN"]

1. e4 e6 2. d4 d5 3. exd5 exd5 4. Nf3 Nf6 5. Bf4 Bd6 6. Be5 0-0 7. Be2 Re8 8. 0-0 Ng4 9. Bxd6 Qxd6 10. h3 Nf6 11. Re1 h6 12. Nc3 c6 13. a4 Bf5 14. Bd3 Bxd3 15. Rxe8+ Nxe8 16. Qxd3 Nd7 17. Re1 Nef6 18. Re3 a6 19. Ne5 Qb4 20. b3 c5 21. Nxd7 Nxd7 22. dxc5 d4 23. Re7 Nf6 24. Ne4 Nxe4 25. Qxe4 Qxc5 26. Qxb7 Rf8 27. Qc7 Qb4 28. Re4 Qd2 29. Qc4 Rd8 30. Qe2 Qc3 31. Re8+ Rxe8 32. Qxe8+ Kh7 33. Qe4+ Kg8 34. Kf1 Qd2 35. g3 a5 36. h4 Qc3 37. Kg2 Qd2 38. Qe8+ Kh7 39. Qxf7 Qc3 40. Qc4 Qa1 41. Qc5 Qb2 42. Qxa5 g6 43. Qc7+ Kg8 44. a5 Qa1 45. a6 1-0

[Event "HUN-chT2 Szechenyi 0809"]
[Site "Hungary"]
[Date "2009.01.25"]
[Round "6.8"]
[White "Zamodics, Ferenc"]
[Black "Horvath, Lajos"]
[Result "1/2-1/2"]
[WhiteElo "1929"]
[BlackElo "1967"]
[PlyCount "112"]
[EventDate "2008.10.26"]
[EventType "team-tourn"]
[EventRounds "11"]
[EventCountry "HUN"]
[SourceTitle "EXT 2010"]
[Source "ChessBase"]
[SourceDate "2010.11.25"]
[SourceVersion "1"]
[SourceVersionDate "2010.11.25"]
[SourceQuality "1"]
[WhiteTeam "Alsoszolnok"]
[BlackTeam "Keszthely"]
[WhiteTeamCountry "HUN"]
[BlackTeamCountry "HUN"]

1. c4 e6 2. d4 d5 3. e3 Nf6 4. Nf3 c5 5. dxc5 Bxc5 6. Nc3 dxc4 7. Qxd8+ Kxd8 8. Bxc4 a6 9. 0-0 Nc6 10. a3 b5 11. b4 Bb6 12. Be2 Bb7 13. Bb2 Ke7 14. Rfd1 Rhd8 15. h3 h6 16. Kf1 Rxd1+ 17. Rxd1 Rd8 18. Rxd8 Bxd8 19. Bd3 g6 20. Ke2 Bc7 21. g4 g5 22. Ne4 Nxe4 23. Bxe4 f6 24. Kd3 e5 25. Bc3 Nd8 26. h4 Bxe4+ 27. Kxe4 Ke6 28. h5 Nf7 29. Nd2 Nd6+ 30. Kd3 Kd5 31. e4+ Ke6 32. Bb2 Bb6 33. f3 Bf2 34. Nb3 Nb7 35. Bc1 Kd6 36. Be3 Bxe3 37. Kxe3 Kc6 38. Kd3 Kb6 39. Nd2 Nd8 40. Nf1 Nf7 41. Ne3 Kc6 42. Nd5 Kd6 43. Nxf6 Ke6 44. Nd5 Kd6 45. Kc3 Kc6 46. Kb3 Kb7 47. a4 Kc6 48. a5 Nd6 49. Ne3 Kd7 50. Kc3 Nf7 51. Kd3 Kc6 52. Nf5 Kd7 53. f4 gxf4 54. Ke2 Ke6 55. Kf3 Kf6 56. Kg2 Ke6 1/2-1/2

[Event "HUN-chT2 Szechenyi 0809"]
[Site "Hungary"]
[Date "2008.12.21"]
[Round "4.8"]
[White "Horvath, Lajos"]
[Black "Horvath, Mark"]
[Result "0-1"]
[WhiteElo "1967"]
[BlackElo "1922"]
[PlyCount "70"]
[EventDate "2008.10.26"]
[EventType "team-tourn"]
[EventRounds "11"]
[EventCountry "HUN"]
[SourceTitle "EXT 2010"]
[Source "ChessBase"]
[SourceDate "2010.11.25"]
[SourceVersion "1"]
[SourceVersionDate "2010.11.25"]
[SourceQuality "1"]
[WhiteTeam "Keszthely"]
[BlackTeam "Tapolca II"]
[WhiteTeamCountry "HUN"]
[BlackTeamCountry "HUN"]

1. d4 f5 2. e3 Nf6 3. c4 e6 4. Nc3 c5 5. d5 e5 6. Nge2 d6 7. g3 Nbd7 8. Bg2 Nb6 9. Bd2 Bd7 10. b3 Be7 11. f4 e4 12. Rc1 h5 13. h4 Kf7 14. Nb1 a5 15. Bc3 Ng4 16. Qd2 a4 17. Bh3 Nf6 18. Ba5 Nxc4 19. Bxd8 Nxd2 20. Nxd2 Bxd8 21. Nc4 Ke7 22. Nc3 b5 23. Nb2 axb3 24. axb3 Ba5 25. Kf2 Bxc3 26. Rxc3 Nxd5 27. Rc2 Ra2 28. Rd1 Nb4 29. Rcd2 Rxb2 30. Rxb2 Nd3+ 31. Rxd3 exd3 32. Rd2 c4 33. bxc4 bxc4 34. Bg2 Rc8 35. Bb7 Rc7 0-1

[Event "HUN-chT2 Szechenyi 0809"]
[Site "Hungary"]
[Date "2008.11.30"]
[Round "3.7"]
[White "Horvath, Lajos"]
[Black "Vas, Istvan"]
[Result "1/2-1/2"]
[WhiteElo "1967"]
[BlackElo "1959"]
[PlyCount "70"]
[EventDate "2008.10.26"]
[EventType "team-tourn"]
[EventRounds "11"]
[EventCountry "HUN"]
[SourceTitle "EXT 2010"]
[Source "ChessBase"]
[SourceDate "2010.11.25"]
[SourceVersion "1"]
[SourceVersionDate "2010.11.25"]
[SourceQuality "1"]
[WhiteTeam "Keszthely"]
[BlackTeam "Baki Agrocentrum"]
[WhiteTeamCountry "HUN"]
[BlackTeamCountry "HUN"]

1. d4 d5 2. c4 e6 3. Nf3 Nf6 4. Nc3 c6 5. cxd5 exd5 6. Ne5 Bf5 7. e3 Bd6 8. Nf3 0-0 9. Bd3 Bg4 10. h3 Bh5 11. 0-0 Nbd7 12. e4 dxe4 13. Nxe4 Nxe4 14. Bxe4 h6 15. Qb3 Bxf3 16. Bxf3 Rb8 17. Be3 a5 18. Rac1 Qf6 19. Bg4 Rfd8 20. Kh1 Nf8 21. a3 Ne6 22. Qc3 Bc7 23. Rfd1 Nf4 24. Rc2 Nd5 25. Qc4 Rd6 26. Bf3 Rbd8 27. Rcd2 b5 28. Qc2 Bb6 29. Qe4 Re6 30. Qd3 Nf4 31. Bxf4 Qxf4 32. Qc3 Red6 33. g3 Qf6 34. Kg2 Bxd4 35. Qxa5 Bxb2 1/2-1/2

[Event "HUN-chT2 Szechenyi 0708"]
[Site "Hungary"]
[Date "2008.03.16"]
[Round "8"]
[White "Kovacs, Andras"]
[Black "Horvath, Lajos"]
[Result "1/2-1/2"]
[WhiteElo "2005"]
[BlackElo "2180"]
[PlyCount "89"]
[EventDate "2007.10.14"]
[EventType "team"]
[EventRounds "11"]
[EventCountry "HUN"]
[SourceTitle "EXT 2009"]
[Source "ChessBase"]
[SourceDate "2008.11.26"]
[SourceVersion "1"]
[SourceVersionDate "2008.11.26"]
[SourceQuality "1"]
[WhiteTeam "Veszprem"]
[BlackTeam "Keszthely"]
[WhiteTeamCountry "HUN"]
[BlackTeamCountry "HUN"]

1. d4 d5 2. Nf3 Nf6 3. c4 dxc4 4. e3 c5 5. Bxc4 cxd4 6. Nxd4 e5 7. Nb5 Qxd1+ 8. Kxd1 Na6 9. Bd2 Ne4 10. Ke2 Nxd2 11. Nxd2 Be7 12. Ne4 0-0 13. Rhd1 Nc5 14. Nxc5 Bxc5 15. Nd6 Bb6 16. Bd5 Rb8 17. Rac1 Ba5 18. Nxc8 Rfxc8 19. Bxb7 Rxc1 20. Rxc1 g6 21. Rc8+ Rxc8 22. Bxc8 Kg7 23. e4 h5 24. h3 Bb6 25. b4 Kf6 26. g3 g5 27. g4 h4 28. f3 Ke7 29. Kd3 Kd6 30. Bb7 f6 31. Kc4 Be3 32. a4 Bb6 33. Kb5 Kc7 34. Bd5 Be3 35. Ka6 Bd4 36. a5 Be3 37. Kb5 Bf2 38. Ka4 Be3 39. Kb3 Bf2 40. Kc4 Kd6 41. b5 Be3 42. b6 axb6 43. a6 b5+ 44. Kxb5 Ba7 45. Kc4 1/2-1/2

[Event "HUN-chT2 Szechenyi 0708"]
[Site "Hungary"]
[Date "2008.03.02"]
[Round "7"]
[White "Pfeifer, David"]
[Black "Horvath, Lajos"]
[Result "1/2-1/2"]
[WhiteElo "1934"]
[BlackElo "2180"]
[PlyCount "72"]
[EventDate "2007.10.14"]
[EventType "team"]
[EventRounds "11"]
[EventCountry "HUN"]
[SourceTitle "EXT 2009"]
[Source "ChessBase"]
[SourceDate "2008.11.26"]
[SourceVersion "1"]
[SourceVersionDate "2008.11.26"]
[SourceQuality "1"]
[WhiteTeam "Ajka Banyasz"]
[BlackTeam "Keszthely"]
[WhiteTeamCountry "HUN"]
[BlackTeamCountry "HUN"]

1. e4 e6 2. d4 d5 3. exd5 exd5 4. Bd3 Nf6 5. Nf3 Bd6 6. c3 Be6 7. Bg5 Nbd7 8. Nbd2 h6 9. Bh4 c6 10. Qc2 Qc7 11. Bg3 Nh5 12. Bf5 Nxg3 13. hxg3 0-0-0 14. 0-0-0 Rhe8 15. Rhe1 Re7 16. Bxe6 fxe6 17. Re2 e5 18. dxe5 Nxe5 19. Nxe5 Rxe5 20. Rxe5 Bxe5 21. Qf5+ Kb8 22. Re1 Bf6 23. Nf3 a6 24. Kb1 Ka7 25. Nd4 Bxd4 26. cxd4 Rd7 27. Qe5 Qa5 28. a3 Qd2 29. Qe3 Qa5 30. Qe6 Qc7 31. Qe5 b5 32. Qxc7+ Rxc7 33. b4 Kb6 34. Kc2 a5 35. Kb3 Ra7 36. f3 a4+ 1/2-1/2

[Event "HUN-chT2 Szechenyi 0708"]
[Site "Hungary"]
[Date "2007.10.14"]
[Round "1"]
[White "Metal, Imre"]
[Black "Horvath, Lajos"]
[Result "1-0"]
[WhiteElo "1891"]
[BlackElo "2180"]
[PlyCount "83"]
[EventDate "2007.10.14"]
[EventType "team"]
[EventRounds "11"]
[EventCountry "HUN"]
[SourceTitle "EXT 2009"]
[Source "ChessBase"]
[SourceDate "2008.11.26"]
[SourceVersion "1"]
[SourceVersionDate "2008.11.26"]
[SourceQuality "1"]
[WhiteTeam "Zala Volan"]
[BlackTeam "Keszthely"]
[WhiteTeamCountry "HUN"]
[BlackTeamCountry "HUN"]

1. c4 e6 2. Nc3 Nf6 3. g3 d5 4. cxd5 Nxd5 5. Bg2 Nxc3 6. bxc3 c6 7. Nf3 Be7 8. 0-0 0-0 9. d4 Nd7 10. e4 Nf6 11. Re1 b6 12. Bg5 Bb7 13. Qb3 h6 14. Bxf6 Bxf6 15. Rad1 Qc7 16. c4 Rad8 17. Re2 Rd7 18. Red2 Rfd8 19. Bh3 Bg5 20. Rd3 Ba6 21. Qa4 Qc8 22. Ra3 Bb7 23. Rad3 Ba6 24. Ne5 b5 25. Qc2 bxc4 26. Nxc4 Rb7 27. Rb3 Bb5 28. Rc3 Rbd7 29. a4 Ba6 30. Ne5 Rc7 31. Rxc6 Rxc6 32. Qxc6 Qxc6 33. Nxc6 Rd6 34. Nxa7 Bb7 35. Nb5 Ra6 36. d5 exd5 37. exd5 Rxa4 38. d6 Kh7 39. d7 Bc6 40. Nd6 Bf3 41. Re1 Rd4 42. Nxf7 1-0

[Event "HUN-chT2 Szechenyi 0607"]
[Site "Hungary"]
[Date "2007.05.06"]
[Round "10"]
[White "Horvath, Lajos"]
[Black "Soos, David"]
[Result "1-0"]
[WhiteElo "2180"]
[BlackElo "1843"]
[PlyCount "75"]
[EventDate "2006.11.12"]
[EventType "team"]
[EventRounds "11"]
[EventCountry "HUN"]
[SourceTitle "EXT 2008"]
[Source "ChessBase"]
[SourceDate "2007.11.25"]
[SourceVersion "1"]
[SourceVersionDate "2007.11.25"]
[SourceQuality "1"]
[WhiteTeam "Khelyi Spartacus"]
[BlackTeam "Peti MTE"]
[WhiteTeamCountry "HUN"]
[BlackTeamCountry "HUN"]

1. d4 d5 2. c4 e6 3. Nf3 Nf6 4. Nc3 Be7 5. e3 0-0 6. cxd5 Nxd5 7. Bd2 Nc6 8. a3 Nxc3 9. Bxc3 Bd7 10. Bd3 Bf6 11. 0-0 Ne7 12. Rc1 Bc6 13. Bb4 Re8 14. Bxe7 Qxe7 15. Nd2 Qd7 16. Bb1 g6 17. Ne4 Bxe4 18. Bxe4 c6 19. Qf3 Bg7 20. Rc2 Rac8 21. Rfc1 Red8 22. h3 Qe7 23. b4 a6 24. Rc4 f5 25. Bb1 e5 26. Ba2 Kh8 27. d5 e4 28. Qd1 Qd7 29. Rc5 cxd5 30. Rxc8 Rxc8 31. Rxc8+ Qxc8 32. Qxd5 Qc1+ 33. Kh2 Qc7+ 34. g3 Qb8 35. Qf7 b5 36. Qe6 Qd8 37. Qxa6 Bb2 38. Qxb5 1-0

[Event "Eger Agria op"]
[Site "Eger"]
[Date "2004.07.24"]
[Round "8"]
[White "Horvath, Lajos"]
[Black "Harmatosi, Jozsef"]
[Result "1-0"]
[WhiteElo "2132"]
[BlackElo "2308"]
[PlyCount "85"]
[EventDate "2004.07.17"]
[EventType "swiss"]
[EventRounds "9"]
[EventCountry "HUN"]
[SourceTitle "EXT 2008"]
[Source "ChessBase"]
[SourceDate "2007.11.25"]
[SourceVersion "1"]
[SourceVersionDate "2007.11.25"]
[SourceQuality "1"]

1. e4 d5 2. exd5 Nf6 3. d4 Nxd5 4. c4 Nb6 5. Nc3 e5 6. Qe2 Qxd4 7. Nf3 Qd8 8. Qxe5+ Qe7 9. Bf4 Na6 10. 0-0-0 Qxe5 11. Bxe5 f6 12. Bg3 Be6 13. Nd5 Bxd5 14. cxd5 0-0-0 15. Bxa6 bxa6 16. Nd4 Rxd5 17. Ne6 c6 18. Rhe1 Rxd1+ 19. Kxd1 Nd5 20. Re4 Kd7 21. Nxf8+ Rxf8 22. Ra4 Kc8 23. Rxa6 Kb7 24. Ra3 Rd8 25. Ke2 Re8+ 26. Kd3 f5 27. Rb3+ Nb6 28. f3 c5 29. Kd2 Kc6 30. Rc3 Nd5 31. Rc1 Kb5 32. Bd6 c4 33. a4+ Kxa4 34. Rxc4+ Kb3 35. Rd4 Nb6 36. Rb4+ Ka2 37. Bc5 Re6 38. Bd4 g6 39. Rb5 Rd6 40. Kc3 Rc6+ 41. Kd3 Kb1 42. Ra5 Rc7 43. b3 1-0

[Event "Eger Agria op"]
[Site "Eger"]
[Date "2004.07.23"]
[Round "7"]
[White "Chetverik, Maxim"]
[Black "Horvath, Lajos"]
[Result "1/2-1/2"]
[WhiteElo "2373"]
[BlackElo "2132"]
[PlyCount "66"]
[EventDate "2004.07.17"]
[EventType "swiss"]
[EventRounds "9"]
[EventCountry "HUN"]
[SourceTitle "EXT 2008"]
[Source "ChessBase"]
[SourceDate "2007.11.25"]
[SourceVersion "1"]
[SourceVersionDate "2007.11.25"]
[SourceQuality "1"]

1. d4 Nf6 2. c4 g6 3. Nf3 c6 4. Nc3 d5 5. cxd5 cxd5 6. Bf4 Nc6 7. e3 a6 8. h3 Bg7 9. Rc1 0-0 10. Bd3 Qb6 11. Qe2 Rd8 12. 0-0 Nh5 13. Bh2 f5 14. a3 Nf6 15. b4 Ne4 16. Na4 Qa7 17. Bc7 Rd7 18. Ba5 Rd6 19. Bb6 Qb8 20. Bc5 Nxc5 21. bxc5 Rd8 22. Nb6 Ra7 23. Rfd1 e6 24. g3 Bd7 25. Bb1 Ne7 26. Ng5 Qc7 27. f4 h6 28. Nf3 Nc8 29. Re1 Bc6 30. Nd2 Qe7 31. Nb3 Nxb6 32. cxb6 Raa8 33. Na5 Bb5 1/2-1/2